| 000 | 00572nam a2200193 a 4500 | ||
|---|---|---|---|
| 003 | OSt | ||
| 005 | 20240226154807.0 | ||
| 008 | 180228t pk | |||| 00| d urd d | ||
| 040 | _c0 | ||
| 082 |
_a812 _bHAJ |
||
| 100 | 1 | 0 |
_aحجازی،نسيم _947098 |
| 245 | 1 | 0 |
_aپورس کےہاتھی _cNaseem Hajazi |
| 246 | _aPoras Kay Haathi | ||
| 260 |
_aLahore: _bJahangir Books; |
||
| 300 | _a192 p. | ||
| 650 |
_aUrdu literature _vDrama _9676 |
||
| 942 |
_2ddc _cBK _aSADA _k812 HAJ |
||
| 999 |
_c608255 _d608255 |
||